MARC

Tag First Indicator Second Indicator Subfields
LEADER 00000cam a2200000Ia 4500
001 in00002014549
005 20151031151622.0
008 000906e200002 maua b 000 0 eng d
035 |a (OCoLC)ocm44940026 
040 |a AFM  |c AFM  |d TXA  |d UtOrBLW 
049 |a TXAM 
090 |a GC1  |b .W583 no.2000-01 
100 1 |a Pearson, Ann. 
245 1 0 |a Biogeochemical applications of compound-specific radiocarbon analysis /  |c by Ann Pearson. 
264 1 |a Woods Hole, Mass. :  |b Massachusetts Institute of Technology, Woods Hole Oceanographic Institution, Joint Program in Oceanography/Applied Ocean Science and Engineering,  |c 2000. 
300 |a 347 pages :  |b illustrations ;  |c 28 cm. 
336 |a text  |b txt  |2 rdacontent 
337 |a unmediated  |b n  |2 rdamedia 
338 |a volume  |b nc  |2 rdacarrier 
490 1 |a MIT/WHOI ;  |v 00-01 
500 |a "Doctoral dissertation." 
500 |a "February 2000." 
500 |a Originally issued as the author's Thesis (Ph. D.)--Massachusetts Institute of Technology and Woods Hole Oceanographic Institution, 2000. 
504 |a Includes bibliographical references. 
650 0 |a Carbon  |x Isotopes. 
650 0 |a Biochemical markers. 
650 0 |a Biogeochemistry. 
710 2 |a Massachusetts Institute of Technology. 
710 2 |a Woods Hole Oceanographic Institution. 
710 2 |a Joint Program in Oceanography/Applied Ocean Science and Engineering. 
830 0 |a MIT/WHOI (Series) ;  |v no. 00-01. 
994 |a E0  |b TXA 
948 |a cataloged  |b h  |c 2004/12/9  |d c  |e jlanham  |f 4:22:33 pm 
999 |a MARS 
999 f f |s c2af741c-7149-3b8e-ba6e-918adfb09226  |i 4742ea67-a272-327a-b010-90e4fdaf8775  |t 0 
952 f f |p ric  |a Texas A&M University  |b Rellis Campus  |c Joint Library Facility  |d Remote Storage  |t 0  |e GC1 .W583 no.2000-01  |h Library of Congress classification  |i unmediated -- volume  |m A14831678728 
998 f f |a GC1 .W583 no.2000-01  |t 0  |l Remote Storage